| 000 | 00889nam a22002177a 4500 | ||
|---|---|---|---|
| 003 | OSt | ||
| 005 | 20250704065825.0 | ||
| 008 | 250704b |||||||| |||| 00| 0 eng d | ||
| 020 | _a9786214160228 | ||
| 040 |
_aDWCL - Main lib _cOC |
||
| 082 | _aFil. 658 C112m 2017 | ||
| 100 | _aCabrera, Ma. Elenita B. | ||
| 245 |
_aManagement advisory services : comprehensive CPA reviewer : _bbased on the CPA licensure examination syllabus for management advisory services effective May 2016/ _cMa. Elenita B. Cabrera |
||
| 250 | _a2017 edition. | ||
| 260 |
_aManila : _b GIC Enterprises & Co., _cc2017. |
||
| 300 |
_axi, various pagings : _b illustrations ; _c23 cm. |
||
| 504 | _aIncludes bibliographical references and index. | ||
| 650 | _a1. Accounting--Examination, questions, etc. | ||
| 650 | _a2. Management--Examination, questions, etc. | ||
| 942 |
_2ddc _cBK - FIL _e2017 edition. _kFil. _n0 |
||
| 999 |
_c3392 _d3392 |
||